<?xml version="1.0" encoding="UTF-8"?>
<collection xmlns="http://www.loc.gov/MARC21/slim">
 <record>
  <leader>03092nam a2200313 a 4500</leader>
  <controlfield tag="001">1/45424</controlfield>
  <controlfield tag="008">140828s2006    ne            001 0 eng  </controlfield>
  <datafield tag="020" ind1=" " ind2=" ">
   <subfield code="a">9781558608665</subfield>
  </datafield>
  <datafield tag="020" ind1=" " ind2=" ">
   <subfield code="a">1558608664</subfield>
  </datafield>
  <datafield tag="020" ind1=" " ind2=" ">
   <subfield code="a">9780080481739 (electronic bk.)</subfield>
  </datafield>
  <datafield tag="020" ind1=" " ind2=" ">
   <subfield code="a">0080481736 (electronic bk.)</subfield>
  </datafield>
  <datafield tag="035" ind1=" " ind2=" ">
   <subfield code="l">48384</subfield>
  </datafield>
  <datafield tag="040" ind1=" " ind2=" ">
   <subfield code="a">OPELS</subfield>
   <subfield code="b">eng</subfield>
   <subfield code="c">OPELS</subfield>
   <subfield code="d">BTCTA</subfield>
   <subfield code="d">OCLCQ</subfield>
   <subfield code="d">N$T</subfield>
   <subfield code="d">YDXCP</subfield>
   <subfield code="d">MERUC</subfield>
   <subfield code="d">ZCU</subfield>
   <subfield code="d">E7B</subfield>
   <subfield code="d">OKU</subfield>
   <subfield code="d">IDEBK</subfield>
   <subfield code="d">OCLCQ</subfield>
   <subfield code="d">OCLCF</subfield>
   <subfield code="d">GR-PeUP</subfield>
  </datafield>
  <datafield tag="100" ind1="1" ind2=" ">
   <subfield code="a">Zeller, Andreas.</subfield>
  </datafield>
  <datafield tag="245" ind1="1" ind2="0">
   <subfield code="a">Why programs fail</subfield>
   <subfield code="h">[electronic resource] :</subfield>
   <subfield code="b">a guide to systematic debugging /</subfield>
   <subfield code="c">Andreas Zeller.</subfield>
  </datafield>
  <datafield tag="260" ind1=" " ind2=" ">
   <subfield code="a">Amsterdam ;</subfield>
   <subfield code="a">Boston :</subfield>
   <subfield code="b">Elsevier/Morgan Kaufmann ;</subfield>
   <subfield code="a">Heidelberg :</subfield>
   <subfield code="b">Dpunkt.verlag,</subfield>
   <subfield code="c">c2006.</subfield>
  </datafield>
  <datafield tag="300" ind1=" " ind2=" ">
   <subfield code="a">1 online resource (xxviii, 448 p.) :</subfield>
   <subfield code="b">ill.</subfield>
  </datafield>
  <datafield tag="520" ind1=" " ind2=" ">
   <subfield code="a">Why Programs Fail is about bugs in computer programs, how to find them, how to reproduce them, and how to fix them in such a way that they do not occur anymore. This is the first comprehensive book on systematic debugging and covers a wide range of tools and techniques ranging from hands-on observation to fully automated diagnoses, and includes instructions for building automated debuggers. This discussion is built upon a solid theory of how failures occur, rather than relying on seat-of-the-pants techniques, which are of little help with large software systems or to those learning to program. The author, Andreas Zeller, is well known in the programming community for creating the GNU Data Display Debugger (DDD), a tool that visualizes the data structures of a program while it is running. * Winner of a 2006 Jolt Productivity Award for Technical Books * Shows how to reproduce software failures faithfully, how to isolate what is important about the failure, and to discover what caused it * Describes how to fix the program in the best possible way, and shows how to create your own automated debugging tools * Includes exercises and extensive references for further study, and a companion website with source code for all examples and additional debugging resources.</subfield>
  </datafield>
  <datafield tag="505" ind1="0" ind2=" ">
   <subfield code="a">About the Author; Preface; 1 How Failures Come to Be; 2 Tracking Problems; 3 Making Programs Fail; 4 Reproducing Problems; 5 Simplifying Problems; 6 Scientific Debugging; 7 Deducing Errors; 8 Observing Facts; 9 Tracking Origins; 10 Asserting Expectations; 11 Detecting Anomalies; 12 Causes and Effects; 13 Isolating Failure Causes; 14 Isolating Cause-Effect Chains; 15 Fixing the Defect; Appendix: Formal Definitions; Glossary; Bibliography; Index.</subfield>
  </datafield>
  <datafield tag="504" ind1=" " ind2=" ">
   <subfield code="a">Includes bibliographical references (p. 429-438) and index.</subfield>
  </datafield>
  <datafield tag="506" ind1=" " ind2=" ">
   <subfield code="a">License restrictions may limit access.</subfield>
  </datafield>
  <datafield tag="650" ind1=" " ind2="4">
   <subfield code="a">Debugging in computer science.</subfield>
  </datafield>
  <datafield tag="655" ind1=" " ind2="4">
   <subfield code="a">Electronic books.</subfield>
  </datafield>
  <datafield tag="852" ind1=" " ind2=" ">
   <subfield code="a">INST</subfield>
   <subfield code="b">UNIPILB</subfield>
   <subfield code="c">EBOOKS</subfield>
   <subfield code="e">20140828</subfield>
   <subfield code="p">00b48384</subfield>
   <subfield code="q">00b48384</subfield>
   <subfield code="t">ONLINE</subfield>
   <subfield code="y">0</subfield>
  </datafield>
  <datafield tag="856" ind1="4" ind2="0">
   <subfield code="3">ScienceDirect</subfield>
   <subfield code="u">http://www.sciencedirect.com/science/book/9781558608665</subfield>
  </datafield>
  <datafield tag="856" ind1="4" ind2=" ">
   <subfield code="d">/webopac/covers/03/48384_9781558608665.jpg</subfield>
  </datafield>
  <datafield tag="856" ind1="4" ind2=" ">
   <subfield code="d">/webopac/covers/03/48384_1558608664.jpg</subfield>
  </datafield>
  <datafield tag="856" ind1="4" ind2=" ">
   <subfield code="d">/webopac/covers/03/48384_9780080481739.jpg</subfield>
   <subfield code="z">(electronic bk.)</subfield>
  </datafield>
  <datafield tag="856" ind1="4" ind2=" ">
   <subfield code="d">/webopac/covers/03/48384_0080481736.jpg</subfield>
   <subfield code="z">(electronic bk.)</subfield>
  </datafield>
 </record>
</collection>
